The Canterbury tales

Saved in:
Bibliografiske detaljer
Hovedforfatter: Chaucer, Geoffrey ca. 1343-1400 (Author)
Format: Bog
Sprog:engelsk
Udgivet: Londres Penguin Books 1996
Serier:Penguin Popular Classics
Fag:
Tags: Tilføj Tag
Ingen Tags, Vær først til at tagge denne postø!

MARC

LEADER 00000nam a2200000 a 4500
001 UCO5885
003 CL-VaPUC
008 000915e19960000UK |||||||||||||||||eng|d
082 0 4 |a 821  |b CHA  |2 21 
100 |a Chaucer, Geoffrey   |d ca. 1343-1400  |e author  |9 308260 
245 1 4 |a The Canterbury tales 
300 |a 342 p 
942 |c BK 
945 |d 20000915 00:00:00  |a cmena 
260 |a Londres  |b Penguin Books  |c 1996 
650 0 |a Poesías inglesas  |9 265094 
650 0 |a Literatura inglesa  |9 312907 
583 |a last modification  |c 20000915 00:00:00  |k Rodrigo Vera 
490 0 |a Penguin Popular Classics 
999 |c 291710  |d 291708 
952 |0 0  |1 0  |4 0  |6 821_000000000000000_CHA_1996  |7 0  |8 A  |9 341842  |a BIBEDU  |b BIBEDU  |d 2019-11-20  |i 3651371  |l 1  |o 821 CHA 1996  |p 3651371  |r 2023-03-27  |s 2023-03-27  |w 2019-11-20  |y BK  |k LIT